| 000 | 00502cam a2200193ua 4500 | ||
|---|---|---|---|
| 020 | _cRs.475/- | ||
| 041 |
_aeng _h |
||
| 082 |
_a631.8 _bSUB/BI |
||
| 100 | _aSubbarao, N.S . | ||
| 245 |
_aBiofertilizers in agriculture and forestry / _cN.S Subbarao. _hTextual Documents |
||
| 250 |
_a3 / _b. |
||
| 260 |
_aNew Delhi : _bOxford & IBH Publishing company , _c1997. |
||
| 300 | _a241 ; . | ||
| 365 | _aRs.475/- | ||
| 504 | _a | ||
| 942 | _cBK | ||
| 999 |
_c354 _d354 |
||